000 00359nam a22001457a 4500
003 OSt
005 20220218094318.0
008 220218b |||||||| |||| 00| 0 eng d
020 _a9788131505410
040 _cHU
082 _a658.7
100 _aWisner
_930791
245 _aPrinciples Of Supply Chanin Management A Balanced Approach
942 _2ddc
_cBOOKS
_n0
999 _c30738
_d30738